00415nam a2200145Ia 450000500170000000800410001702000180005804000130007608200130008910000200010224500980012226000250022030000090024565000150025420260427102037.0231207s9999 xx 000 0 und d a9780349114576 cPK-LaNCA a080bLEB aLebert, Stephen 0aMy father's keeper: the children of the Nazi leaders-an intimate history of dameg adn denial bAbacusaLondonc2001 a243p aInterviews